<?xml version='1.0' encoding='UTF-8'?>
  <record xmlns="http://www.loc.gov/MARC21/slim">
    <leader>00000cam a2200000 a 4500</leader>
    <controlfield tag="001">ocm17505695</controlfield>
    <controlfield tag="003">OCoLC</controlfield>
    <controlfield tag="005">20250726153639.2</controlfield>
    <controlfield tag="008">880219s1852    au af         000 0 ger d</controlfield>
    <datafield tag="040" ind1=" " ind2=" ">
      <subfield code="a">VXG</subfield>
      <subfield code="b">eng</subfield>
      <subfield code="c">VXG</subfield>
      <subfield code="d">OCLCG</subfield>
      <subfield code="d">UIU</subfield>
      <subfield code="d">OCLCQ</subfield>
      <subfield code="d">OCLCF</subfield>
      <subfield code="d">OCLCQ</subfield>
      <subfield code="d">QGJ</subfield>
      <subfield code="d">OCLCO</subfield>
      <subfield code="d">OCLCQ</subfield>
      <subfield code="d">OCLCL</subfield>
    </datafield>
    <datafield tag="029" ind1="1" ind2=" ">
      <subfield code="a">ZWZ</subfield>
      <subfield code="b">020616791</subfield>
    </datafield>
    <datafield tag="035" ind1=" " ind2=" ">
      <subfield code="a">(OCoLC)17505695</subfield>
    </datafield>
    <datafield tag="050" ind1=" " ind2="4">
      <subfield code="a">QE923</subfield>
      <subfield code="b">.E85</subfield>
    </datafield>
    <datafield tag="082" ind1="0" ind2="4">
      <subfield code="a">554.36</subfield>
      <subfield code="b">Au7a</subfield>
      <subfield code="1">https://id.oclc.org/worldcat/ddc/E48xyPTvqHKRcgx3w6tjwT6YyT</subfield>
    </datafield>
    <datafield tag="100" ind1="1" ind2=" ">
      <subfield code="a">Ettingshausen, Constantin,</subfield>
      <subfield code="c">Freiherr von,</subfield>
      <subfield code="d">1826-1897.</subfield>
      <subfield code="1">https://id.oclc.org/worldcat/entity/E39PBJmhRvytK4h474k4J4MVmd</subfield>
    </datafield>
    <datafield tag="245" ind1="1" ind2="0">
      <subfield code="a">Begründung einiger neuen oder nicht genau bekannten Arten der Lias- und der Oolithflora :</subfield>
      <subfield code="b">mit drei lithographirten Tafeln /</subfield>
      <subfield code="c">von Dr. Constantin v. Ettingshausen.</subfield>
    </datafield>
    <datafield tag="246" ind1="1" ind2="7">
      <subfield code="a">Begründung einiger Arten der Lias- und Oolithflora</subfield>
    </datafield>
    <datafield tag="260" ind1=" " ind2=" ">
      <subfield code="a">[Wien] :</subfield>
      <subfield code="b">[K.K. Hof- und Staatsdruckerei, bei W. Braumüller],</subfield>
      <subfield code="c">[1852]</subfield>
    </datafield>
    <datafield tag="300" ind1=" " ind2=" ">
      <subfield code="a">10 pages, 3 leaves of plates :</subfield>
      <subfield code="b">color illustrations ;</subfield>
      <subfield code="c">37 cm</subfield>
    </datafield>
    <datafield tag="336" ind1=" " ind2=" ">
      <subfield code="a">text</subfield>
      <subfield code="b">txt</subfield>
      <subfield code="2">rdacontent</subfield>
    </datafield>
    <datafield tag="337" ind1=" " ind2=" ">
      <subfield code="a">unmediated</subfield>
      <subfield code="b">n</subfield>
      <subfield code="2">rdamedia</subfield>
    </datafield>
    <datafield tag="338" ind1=" " ind2=" ">
      <subfield code="a">volume</subfield>
      <subfield code="b">nc</subfield>
      <subfield code="2">rdacarrier</subfield>
    </datafield>
    <datafield tag="490" ind1="0" ind2=" ">
      <subfield code="a">Abhandlungen der k. k. Geologischen Reichsanstalt, Bd. 1, Abt. 3, Nr. 3</subfield>
    </datafield>
    <datafield tag="500" ind1=" " ind2=" ">
      <subfield code="a">Caption title.</subfield>
    </datafield>
    <datafield tag="546" ind1=" " ind2=" ">
      <subfield code="a">In German.</subfield>
    </datafield>
    <datafield tag="650" ind1=" " ind2="0">
      <subfield code="a">Paleobotany</subfield>
      <subfield code="y">Jurassic.</subfield>
    </datafield>
    <datafield tag="650" ind1=" " ind2="6">
      <subfield code="a">Paléobotanique</subfield>
      <subfield code="y">Jurassique.</subfield>
    </datafield>
    <datafield tag="650" ind1=" " ind2="7">
      <subfield code="a">Jurassic Geologic Period.</subfield>
      <subfield code="2">fast</subfield>
      <subfield code="0">(OCoLC)fst01353475</subfield>
    </datafield>
    <datafield tag="650" ind1=" " ind2="7">
      <subfield code="a">Paleobotany.</subfield>
      <subfield code="2">fast</subfield>
      <subfield code="0">(OCoLC)fst01051324</subfield>
    </datafield>
    <datafield tag="648" ind1=" " ind2="7">
      <subfield code="a">From 140 to 190 million years ago</subfield>
      <subfield code="2">fast</subfield>
    </datafield>
    <datafield tag="758" ind1=" " ind2=" ">
      <subfield code="i">has work:</subfield>
      <subfield code="a">Begründung einiger neuen oder nicht genau bekannten Arten der Lias- und der Oolithflora (Text)</subfield>
      <subfield code="1">https://id.oclc.org/worldcat/entity/E39PCGbHt9qM64xrJcChDMFc8C</subfield>
      <subfield code="4">https://id.oclc.org/worldcat/ontology/hasWork</subfield>
    </datafield>
    <datafield tag="776" ind1="0" ind2="8">
      <subfield code="i">Online version:</subfield>
      <subfield code="a">Ettingshausen, Constantin, Freiherr von, 1826-1897.</subfield>
      <subfield code="t">Begründung einiger neuen oder nicht genau bekannten Arten der Lias- und der Oolithflora.</subfield>
      <subfield code="d">[Wien] : [K.K. Hof- und Staatsdruckerei, bei W. Braumüller], [1852]</subfield>
      <subfield code="w">(OCoLC)985356735</subfield>
    </datafield>
  </record>